| 000 | 00470nam a22001577a 4500 | ||
|---|---|---|---|
| 003 | Macl | ||
| 005 | 20241020115125.0 | ||
| 008 | 241020b |||||||| |||| 00| 0 eng d | ||
| 040 | _cMacl | ||
| 082 |
_220th _a540 |
||
| 100 |
_aBhargav,Kalpana _982613 |
||
| 245 | _aErrorless 47 Chapter-Wise & Topic -Wise JEE ADVANCED JEE main(1978-2024)& (2013-2024) Chemistry Solved papers | ||
| 260 |
_aNew Delhi _bDisha pub. _c2024 |
||
| 650 | _aChemistry | ||
| 942 |
_2ddc _cC. BOOKS |
||
| 999 |
_c67256 _d67256 |
||